000 00509nam a2200181Ia 4500
005 20250508153906.0
008 008 250505s9999 xx 000 0 eng d
037 _aTextual
040 _aFEDL
_beng
_cFEDL
041 _aeng
_2eng
084 _a790.2, BLO
_qFEDL
100 _aBloom Ursula Ed.
_9764618
245 0 _aGirls' book of popular hobbies
260 _aLondon, UK
_bBurke Publishing Company Ltd.
_c1960
300 _a144p.
942 _cTEXL
_h790.2, BLO
999 _c1346170
_d1346170